Papallones de la Serralada Marina
Descripción Física:
25 pàgines : il·lustracions ; 21 cm
Materias:
Parc de la Serralada de Marina (Catalunya) -- Guies
; Papallones -- Parc de la Serralada de Marina (Catalunya)
Idioma:
Catalán
MARC
| LEADER | 00000nam a2200000Ia 4500 | ||
|---|---|---|---|
| 001 | 26360 | ||
| 008 | 220726b spa||||| |||| 00| 0 cat d | ||
| 017 | |a DL B 23700-2017 | ||
| 080 | |a FU-72-40 | ||
| 100 | |9 49189 |a Carceller, Fernando |e autor | ||
| 245 | 1 | 3 | |a Papallones de la Serralada Marina |c Parc de la Serralada de Marina ; text i fotografies: Fernando Carceller |
| 260 | |a Barcelona : |b Diputació de Barcelona. Xarxa de Parcs Naturals, |c 2017 | ||
| 300 | |a 25 pàgines : |c il·lustracions ; |b 21 cm | ||
| 610 | 1 | 0 | |a Parc de la Serralada de Marina (Catalunya) |v Guies |9 52709 |
| 650 | 0 | |2 Arxiu |9 54034 |a Papallones |z Parc de la Serralada de Marina (Catalunya) | |
| 710 | 1 | |a Parc de la Serralada de Marina (Catalunya) |9 10205 | |
| 710 | 1 | |a Barcelona (Catalunya : Província). |b Xarxa de Parcs Naturals |9 7250 |e entitat editora | |
| 710 | 1 | |a Barcelona (Catalunya : Província). |b Gerència de Serveis d’Espais Naturals |9 52730 |e entitat editora | |
| 901 | |a Arxiu | ||
| 942 | |n 1 |2 udc |c ARXIU | ||
| 952 | |0 0 |1 0 |4 0 |6 FU7240 |7 1 |9 63226 |a Arxiu |b Arxiu |d 2022-07-26 |l 0 |o FU-72-40 |p 26360 |r 2022-07-26 00:00:00 |w 2022-07-26 |y ARXIU | ||
| 999 | |c 82487 |d 82487 | ||